000 00466nam a2200193Ia 4500
003 GCL
008 140319s9999 xx 000 0 eng d
040 _aGCL /
_cGCL
082 0 4 _a005.3
_bV W
100 1 _aVIRGA
245 1 0 _aWINDOWS 3.1 FACILE /
_cVIRGA
260 _a[S.N] :
_bMARABOUT UNIVERSITE ،
_c1992
300 _a256 P
490 _aMARABOUT
_v0
650 0 4 _aCOMPUTER SOFTWARE
650 0 4 _aWINDOWS
650 0 4 _aCOMPUTER PROGRM
942 _2ddc
_cBK
999 _c23249
_d23249